Agua caliente solar (Record no. 95776)

MARC details
000 -LEADER
campo de control de longitud fija 00725nam a2200229 i 4500
001 - NÚMERO DE CONTROL
campo de control 95776
003 - IDENTIFICADOR DE NÚMERO DE CONTROL
campo de control ES-MaACL
005 - FECHA Y HORA DE LA ÚLTIMA TRANSACCIÓN
campo de control 20230906181754.0
007 - CAMPO FIJO DE DESCRIPCIÓN FÍSICA--INFORMACIÓN GENERAL
campo de control de longitud fija t|
008 - DATOS DE LONGITUD FIJA--INFORMACIÓN GENERAL
campo de control de longitud fija 050606s1981 sp ||||1| spa d
100 1# - ENTRADA PRINCIPAL--NOMBRE DE PERSONA
Nombre de persona MacCartney, Kevin.
9 (RLIN) 75079
245 10 - MENCIÓN DEL TÍTULO
Título Agua caliente solar
Resto del título : manual práctico /
Mención de responsabilidad, etc. Kevin McCartney y Brian Ford; [traducción Antonio Lopera].
250 ## - MENCION DE EDICION
Mención de edición [1ª ed.], 1ª reimp.
260 ## - PUBLICACIÓN, DISTRIBUCIÓN, ETC.
Lugar de publicación, distribución, etc. Madrid :
Nombre del editor, distribuidor, etc. H. Blume,
Fecha de publicación, distribución, etc. 1981.
300 ## - DESCRIPCIÓN FÍSICA
Extensión XII, 186 p. :
Otras características físicas il. ;
Dimensiones 21 cm.
490 1# - MENCIÓN DE SERIE
Mención de serie Energía, clima, diseño
700 1# - ENTRADA AGREGADA--NOMBRE PERSONAL
Nombre de persona Ford, Brian.
9 (RLIN) 51693
700 1# - ENTRADA AGREGADA--NOMBRE PERSONAL
Nombre de persona Lopera, Antonio.
9 (RLIN) 73283
830 0# - PUNTO DE ACCESO ADICIONAL DE SERIE-TÍTULO UNIFORME
Título uniforme Energía, clima, diseño
9 (RLIN) 184371
852 ## - LOCALIZACIÓN
Ubicación ES-MaACL
Número de control de estantería L-1385
Sublocalización o colección R.101875
Holdings
Estatus retirado Estado de pérdida Estado de daño No para préstamo Biblioteca de origen Biblioteca actual Ubicación en estantería Fecha de adquisición Fuente de adquisición Total de préstamos Signatura topográfica completa Código de barras Visto por última vez Precio de reemplazo Tipo de ítem Koha
        Biblioteca del Ateneo de Madrid Biblioteca del Ateneo de Madrid Depósito 2 17/01/2008     L-1385 1100007 23/02/2023 23/02/2023 Libro impreso